Statystyki dla Szybka matma

Kliknij tutaj aby rozwiązać quiz!

Ogólne statystyki

  • Ten quiz został rozwiązany 1 529 razy
  • Średni wynik to 7 z 7

Statystyki odpowiedzi

ObliczWynik% Poprawnych
2-3-1
100%
333-33300
100%
1100-1200-100
99%
500-100400
99%
667-167500
99%
600-11589
99%
256-128128
96%

Rozkład punktacji

Percentyl według liczby udzielonych odpowiedzi

Procent ludzi z każdym wynikiem

Twoja historia wyników

Nie rozwiązałeś tego quizu